MARC

LEADER 00000nam0a2200000 4500
001 59490
005 20231031060313.0
010 |a 5895940382 
035 |a (RuTPU)RU\TPU\book\62883 
090 |a 59490 
100 |a 20031229d2000 k y0rusy50 ca 
101 0 |a rus 
102 |a RU 
105 |a a z 001zy 
200 1 |a Композиционные материалы на основе алюминиевых сплавов, армированных углеродными волокнами  |f В. И. Костиков, А. Н. Варенков 
210 |a Москва  |c Интермет Инжиниринг  |d 2000 
215 |a 446 с.  |c ил. 
320 |a Библиогр.: с. 431-439 
610 1 |a металловедение 
610 1 |a композитные материалы 
610 1 |a углеродные волокна 
610 1 |a газовые среды 
610 1 |a взаимодействие 
610 1 |a металлические расплавы 
610 1 |a структура 
610 1 |a физико-химические свойства 
610 1 |a углеродные материалы 
610 1 |a поверхности 
610 1 |a алюминиевые расплавы 
610 1 |a смачивание 
610 1 |a растекание 
610 1 |a межфазное взаимодействие 
610 1 |a процессы 
610 1 |a переходные зоны 
610 1 |a формирование 
610 1 |a кинетика 
610 1 |a механизмы 
675 |a 620.22-419.8  |v 3 
675 |a 669.717  |v 3 
700 1 |a Костиков  |b В. И.  |g Валерий Иванович 
701 1 |a Варенков  |b А. Н.  |g Анатолий Николаевич 
801 1 |a RU  |b 63413507  |c 20031229  |g PSBO 
801 2 |a RU  |b 63413507  |c 20040129  |g PSBO 
942 |c BK